Faculty of Law Library — Cairo University

Official Online Catalog

Situation Des Condamnés Etrangers Ou Apatrides Après Leur Libération: (Record no. 71330)

MARC details
000 -LEADER
fixed length control field 00958nam a2200289 i 4500
003 - CONTROL NUMBER IDENTIFIER
control field EG-GICUC
005 - DATE AND TIME OF LATEST TRANSACTION
control field 20260416100406.0
008 - FIXED-LENGTH DATA ELEMENTS--GENERAL INFORMATION
fixed length control field 260416b1938 fr ||||fr|||| 000 0 eng d
040 ## - CATALOGING SOURCE
Original cataloging agency EG-GiCUC
Language of cataloging fre
Transcribing agency EG-GiCUC
Modifying agency EG-GiCUC
Description conventions Rda
041 #0 - LANGUAGE CODE
Language code of text/sound track or separate title fre
082 04 - DEWEY DECIMAL CLASSIFICATION NUMBER
Edition number 21
Classification number 343.1
Item number CO . S
092 04 - LOCALLY ASSIGNED DEWEY CALL NUMBER (OCLC)
Edition number 21
099 ## - LOCAL FREE-TEXT CALL NUMBER (OCLC)
Classification number Law1 10 343.1 CO . S 1938
111 ## - MAIN ENTRY--MEETING NAME
Meeting name or jurisdiction name as entry element Vii Conférence Internationale Pour L'unification Du Droit Pénal
Date of meeting or treaty signing 1938
Number of part/section/meeting 7
245 ## - TITLE STATEMENT
Title Situation Des Condamnés Etrangers Ou Apatrides Après Leur Libération:
Statement of responsibility, etc. Al Qanoun Wal Iqtisad.
264 ## - PRODUCTION, PUBLICATION, DISTRIBUTION, MANUFACTURE, AND COPYRIGHT NOTICE
Name of producer, publisher, distributor, manufacturer Al Qanoun Wal Iqtisad:
Date of production, publication, distribution, manufacture, or copyright notice 1938.
300 ## - PHYSICAL DESCRIPTION
Extent 30 page :
Dimensions 24 cm.
336 ## - CONTENT TYPE
Source rda contenu
Content type term texte
337 ## - MEDIA TYPE
Source rda medias
Media type term Ordinateur
338 ## - CARRIER TYPE
Source transporteur rda
Carrier type term Ressource en ligne
546 ## - LANGUAGE NOTE
Language note Texte en français
650 1# - SUBJECT ADDED ENTRY--TOPICAL TERM
Topical term or geographic name entry element Droit pénal
Source of heading or term qrmak
651 1# - SUBJECT ADDED ENTRY--GEOGRAPHIC NAME
Source of heading or term qrmak
856 40 - ELECTRONIC LOCATION AND ACCESS
Uniform Resource Identifier <a href="https://fll.law.cu.edu.eg/fulltext/bks/B10-08242.pdf">https://fll.law.cu.edu.eg/fulltext/bks/B10-08242.pdf</a>
905 ## - Cataloger and Reviser Names
Cataloger Name: Esraa Khaled
942 ## - ADDED ENTRY ELEMENTS (KOHA)
Source of classification or shelving scheme Dewey Decimal Classification
Suppress in OPAC No
Koha item type Books
Edition 21
Holdings
Withdrawn status Lost status Source of classification or shelving scheme Damaged status Not for loan Collection Home library Current library Date acquired Total checkouts Full call number Barcode Date last seen Price effective from Koha item type
    Dewey Decimal Classification   Not for loan القانون الجنائي جــــامعة القــاهرة مكتبة كلية الحقوق - المبنى الرئيسي 16.04.2026   Law1 10 343.1 CO . S 1938 1008242 C1 B10-08242 16.04.2026 16.04.2026 Books

© All rights reserved — Faculty of Law, Cairo University